La dependencia político-económica de América Latina
Saved in:
| Main Authors: | , , , |
|---|---|
| Format: | Bog |
| Sprog: | spansk |
| Udgivet: |
Ciudad de México
Siglo Veintiuno
1970
|
| Udgivelse: | 2a. ed |
| Serier: | El Mundo del Hombre. Economía y Demografía
|
| Fag: | |
| Tags: |
Tilføj Tag
Ingen Tags, Vær først til at tagge denne postø!
|
MARC
| LEADER | 00000nam a2200000 a 4500 | ||
|---|---|---|---|
| 001 | UCQ1220 | ||
| 003 | CL-VaPUC | ||
| 008 | 980709e19701200MX |||||||||||||||||spa|d | ||
| 082 | 0 | 4 | |a 338.98 |b JAG |2 21 |
| 100 | |a Jaguaribe, Helio |e author |9 566026 | ||
| 700 | 0 | |a Ferrer, Aldo |e author |9 414918 | |
| 700 | 0 | |a Wionczek, Miguel S |e author |9 414919 | |
| 700 | 0 | |a Santos, Theotonio dos |e author |9 414920 | |
| 245 | 1 | 3 | |a La dependencia político-económica de América Latina |
| 250 | |a 2a. ed | ||
| 300 | |a 293 p | ||
| 942 | |c BK | ||
| 945 | |d 19980709 00:00:00 |a crobeson | ||
| 260 | |a Ciudad de México |b Siglo Veintiuno |c 1970 | ||
| 650 | 0 | |a Desarrollo económico y social |9 256320 | |
| 650 | 0 | |a Crecimiento económico |9 314037 | |
| 650 | 0 | |a Desarrollo industrial |9 322675 | |
| 650 | 0 | |a Industrialización |9 263687 | |
| 650 | 7 | |a EMPRESAS TRANSNACIONALES |2 CL-VaPUC |9 341813 | |
| 650 | 0 | |a Inversiones extranjeras |9 255451 | |
| 651 | 0 | |a América Latina |9 255027 | |
| 583 | |a last modification |c 19980709 00:00:00 |k Rodrigo Vera | ||
| 490 | 0 | |a El Mundo del Hombre. Economía y Demografía | |
| 999 | |c 272224 |d 272222 | ||
| 952 | |0 0 |1 0 |4 0 |6 338_980000000000000_JAG_1970 |7 0 |8 A |9 307111 |a BIBENE |b BIBENE |d 2019-11-20 |i 143229K |o 338.98 JAG 1970 |p 143229K |r 2025-01-15 |w 2019-11-20 |y BK |k ICO | ||